000 00296nam a22001217a 4500
008 180420b xxu||||| |||| 00| 0 eng d
041 _aeng
080 _a043.3
100 _a0
101 _aARK-BA
245 _aDizajnimi i Hapesires Publike ne Fshatin Llapnaselle
_cMaksuti, J
942 _2udc
_cBK
999 _c45328
_d45328